Ewige 1.Bundesliga Tabelle - Statistiken

Allgemein
  • Dieses Quiz wurde 58 mal gespielt
  • Das Durchschnittsergebnis liegt bei 30 aus 58
Antwortstatistiken
Hint Antwort % Korrekt
4067 Bayern
98%
3142 Dortmund
94%
2964 Bremen
84%
2838 Stuttgart
84%
2733 HSV
78%
2484 Köln
78%
2535 Frankfurt
76%
0 Kiel
75%
2536 Schalke
73%
506 Leipzig
71%
2441 Leverkusen
71%
1004 Freiburg
69%
1318 Nürnberg
69%
254 St.Pauli
69%
243 Union
69%
1278 Wolfsburg
69%
504 Augsburg
65%
42 Heidenheim
65%
1771 Hertha
65%
728 Hoffenheim
63%
763 Mainz
63%
1484 Bochum
61%
1174 Hannover
61%
479 Rostock
61%
884 1860 München
59%
140 Dresden
59%
953 Karlsruhe
59%
903 Braunschweig
57%
157 Aachen
55%
39 Fürth
55%
661 Bielefeld
53%
134 Darmstadt
53%
1024 Düsseldorf
51%
262 Essen
51%
51 Paderborn
51%
144 Saarbrücken
51%
35 Ulm
51%
1147 Duisburg
49%
211 Cottbus
45%
285 Mannheim
45%
30 Münster
45%
10 Tasmania
43%
79 Unterhaching
43%
72 Ingolstadt
41%
282 Offenbach
41%
139 Oberhausen
37%
2796 M'Gladbach
31%
543 Uerdingen
29%
93 Neunkirchen
25%
90 FC Homburg
20%
20 VfB Leipzig
18%
150 Wattenscheid
18%
2094 K'Lautern
16%
21 Blau-Weiß 90 Berlin
14%
102 Wuppertaler SV
14%
33 F.Köln
12%
49 TeBe Berlin
12%
77 Stg. Kickers
4%
Keine übereinstimmenden Quizze gefunden
Verteilung der Resultate
Anzahl Personen mit jedem Resultat
Perzentil nach korrekt beantworteten Fragen
Ihre Resultats-Entwicklung
Sie haben dieses Quiz noch nicht gespielt